000 00367nam a22001571a 4500
020 _a9788176480574
082 _a780.954
_bSEL/M
100 _aSelina Thielemann
245 _aThe music of south Asia/
_cby Selina Thielemann
260 _aNew Delhi:
_bA P H,
_c1999.
300 _a690p.
650 _aMusic India
650 _aMusic
650 _aArts
942 _cBK
999 _c29832
_d29832